000 00427nam a2200169Ia 4500
008 180921t2016 xxu||||| |||| 00| 0 sin d
041 _asin
080 _a781
_bMAL
100 _aMalini,Nanda
245 _aලස්සන මල් පිපිලා
246 _aLassana Mal Pipila
260 _bGunasena
_aColombo
_c2016
300 _b22p, 30cm
942 _cBK
999 _c3482
_d3482
003 LK-CoDNM
040 _aLK-CoDNM
_dLK-CoDNM
_eLK-CoDNM